[Event "SA-2019-0-00671"]
[Site "LSS email"]
[Date "2019.02.25"]
[Round "?"]
[White "Lebedev, Alexander"]
[Black "Salzmann, Stefan"]
[Result "1/2-1/2"]
[WhiteElo "2211"]
[BlackElo "2225"]
[PlyCount "57"]
[EventDate "2019.01.28"]
[EventType "tourn (corr)"]
[EventRounds "6"]
[EventCountry "GER"]
[SourceTitle "Corr 2022"]
[Source "ChessBase"]
[SourceDate "2021.10.24"]
[SourceVersion "1"]
[SourceVersionDate "2021.10.24"]
[SourceQuality "1"]

1. e4 c5 2. Nf3 d6 3. d4 cxd4 4. Nxd4 Nf6 5. Nc3 a6 6. h3 e6 7. g4 h6 8. Bg2 Be7 9. f4 Nc6 10. Be3 Nd7 11. 0-0 Nxd4 12. Qxd4 0-0 13. a4 b6 14. Rad1 Bb7 15. Qd2 Qc7 16. h4 Nf6 17. Qe2 d5 18. e5 Nd7 19. g5 hxg5 20. hxg5 g6 21. Qf2 Kg7 22. Bd4 Bc5 23. Nxd5 Bxd5 24. Bxd5 exd5 25. e6+ Kg8 26. exd7 Qxd7 27. Qh4 Bxd4+ 28. Rxd4 Rfe8 29. f5 1/2-1/2

[Event "CP-2018-Q-00010"]
[Site "LSS email"]
[Date "2018.11.28"]
[Round "?"]
[White "Yarmolyuk, Yury"]
[Black "Lebedev, Alexander"]
[Result "1/2-1/2"]
[WhiteElo "2282"]
[BlackElo "2195"]
[PlyCount "70"]
[EventDate "2018.12.01"]
[EventType "tourn (corr)"]
[EventRounds "6"]
[EventCountry "GER"]
[SourceTitle "Corr 2022"]
[Source "ChessBase"]
[SourceDate "2021.10.24"]
[SourceVersion "1"]
[SourceVersionDate "2021.10.24"]
[SourceQuality "1"]

1. d4 d5 2. c4 c6 3. Nf3 Nf6 4. Nc3 e6 5. Bg5 h6 6. Bh4 dxc4 7. e4 g5 8. Bg3 b5 9. h4 g4 10. Ne5 h5 11. Be2 b4 12. Na4 Nxe4 13. 0-0 Ba6 14. Bf4 Bh6 15. Qc2 Bxf4 16. Qxe4 Bxe5 17. Qxe5 Rg8 18. Qxh5 Qxd4 19. Rfd1 Qh8 20. Bxg4 Qxh5 21. Bxh5 Rh8 22. g4 Nd7 23. Rxd7 Kxd7 24. Nc5+ Ke7 25. Nxa6 f5 26. f3 c5 27. a3 c3 28. bxc3 b3 29. Nxc5 Rab8 30. Rb1 Rb5 31. Nd3 Rc8 32. f4 Rxc3 33. g5 Rxd3 34. Be2 Rbd5 35. Bxd3 Rxd3 1/2-1/2

[Event "CP-2018-P-00001"]
[Site "LSS email"]
[Date "2018.09.27"]
[Round "?"]
[White "Malmstrom, Jan"]
[Black "Lebedev, Alexander"]
[Result "0-1"]
[WhiteElo "1711"]
[BlackElo "2171"]
[PlyCount "86"]
[EventDate "2018.10.01"]
[EventType "tourn (corr)"]
[EventRounds "6"]
[EventCountry "GER"]
[SourceTitle "Corr 2022"]
[Source "ChessBase"]
[SourceDate "2021.10.24"]
[SourceVersion "1"]
[SourceVersionDate "2021.10.24"]
[SourceQuality "1"]

1. e4 e5 2. Nf3 Nc6 3. Bc4 Nf6 4. Ng5 d5 5. exd5 Na5 6. Bb5+ c6 7. dxc6 bxc6 8. Bd3 Nd5 9. Nf3 Bd6 10. 0-0 Nf4 11. Nc3 Nxd3 12. cxd3 0-0 13. Ne4 Bc7 14. Qc2 c5 15. b3 Bg4 16. Bb2 Bxf3 17. gxf3 f5 18. Nxc5 Rc8 19. Qc3 Bd6 20. b4 Qh4 21. Kh1 Qf4 22. Rg1 Qxf3+ 23. Rg2 Rf7 24. Rag1 Qd5 25. d4 Nc4 26. Ba1 e4 27. d3 exd3 28. Nxd3 Nb6 29. Qd2 Re7 30. Qg5 Rc2 31. a3 Kf8 32. Qh4 Rd2 33. Ne5 Bxe5 34. dxe5 Rd1 35. Qh5 Rxg1+ 36. Kxg1 g6 37. Qe2 Rc7 38. Qe1 Qe4 39. Qd1 Rd7 40. Qf1 Nc4 41. Bc3 Qc2 42. Rg3 Rd1 43. Be1 Qe4 0-1

[Event "SA-2018-0-00651"]
[Site "LSS email"]
[Date "2018.09.24"]
[Round "?"]
[White "Svajdler, Frantisek"]
[Black "Lebedev, Alexander"]
[Result "1/2-1/2"]
[WhiteElo "2089"]
[BlackElo "2139"]
[PlyCount "37"]
[EventDate "2018.08.29"]
[EventType "tourn (corr)"]
[EventRounds "6"]
[EventCountry "GER"]
[SourceTitle "Corr 2022"]
[Source "ChessBase"]
[SourceDate "2021.10.24"]
[SourceVersion "1"]
[SourceVersionDate "2021.10.24"]
[SourceQuality "1"]

1. c4 e5 2. Nc3 Nf6 3. Nf3 Nc6 4. g3 Bb4 5. Bg2 0-0 6. 0-0 e4 7. Ng5 Bxc3 8. bxc3 Re8 9. Qc2 Qe7 10. d3 exd3 11. exd3 d6 12. Nf3 Rb8 13. Bg5 Ne5 14. Nxe5 Qxe5 15. Be3 b6 16. Bd4 Qe6 17. Bxf6 Qxf6 18. Bc6 Bh3 19. Rfe1 1/2-1/2

[Event "SA-2018-0-00651"]
[Site "LSS email"]
[Date "2018.09.23"]
[Round "?"]
[White "Jarabinsky, Martin"]
[Black "Lebedev, Alexander"]
[Result "1/2-1/2"]
[WhiteElo "2291"]
[BlackElo "2139"]
[PlyCount "73"]
[EventDate "2018.08.29"]
[EventType "tourn (corr)"]
[EventRounds "6"]
[EventCountry "GER"]
[SourceTitle "Corr 2022"]
[Source "ChessBase"]
[SourceDate "2021.10.24"]
[SourceVersion "1"]
[SourceVersionDate "2021.10.24"]
[SourceQuality "1"]

1. Nf3 Nf6 2. d4 d5 3. c4 c6 4. e3 e6 5. Nc3 Nbd7 6. Qc2 Bd6 7. Bd3 0-0 8. 0-0 dxc4 9. Bxc4 b5 10. Be2 Bb7 11. e4 e5 12. dxe5 Nxe5 13. Nd4 Neg4 14. g3 g6 15. Nb3 a5 16. h3 Ne5 17. Bg5 a4 18. Nd4 Bc5 19. Nf3 Qe7 20. Rad1 a3 21. Nxe5 Qxe5 22. Bf4 Qe7 23. e5 Nd5 24. Nxd5 cxd5 25. b3 Rac8 26. Qd3 g5 27. Bd2 Qxe5 28. Bg4 f5 29. Rde1 Qd6 30. Bxf5 Rxf5 31. Qxf5 Qxg3+ 32. Kh1 d4+ 33. f3 Rf8 34. Qxg5+ Qxg5 35. Bxg5 Bxf3+ 36. Kh2 Bd6+ 37. Kg1 1/2-1/2

[Event "SA-2018-0-00651"]
[Site "LSS email"]
[Date "2018.09.16"]
[Round "?"]
[White "Lebedev, Alexander"]
[Black "Van Bommel, Ton"]
[Result "1/2-1/2"]
[WhiteElo "2139"]
[BlackElo "2155"]
[PlyCount "44"]
[EventDate "2018.08.29"]
[EventType "tourn (corr)"]
[EventRounds "6"]
[EventCountry "GER"]
[SourceTitle "Corr 2022"]
[Source "ChessBase"]
[SourceDate "2021.10.24"]
[SourceVersion "1"]
[SourceVersionDate "2021.10.24"]
[SourceQuality "1"]

1. Nf3 d5 2. d4 c6 3. c4 e6 4. Nc3 dxc4 5. a4 Bb4 6. e3 b5 7. Bd2 a5 8. axb5 Bxc3 9. Bxc3 cxb5 10. b3 Bb7 11. bxc4 b4 12. Bb2 Nf6 13. Bd3 Nbd7 14. 0-0 0-0 15. Nd2 Qc7 16. Bc2 Rfe8 17. h3 e5 18. Rc1 Ra6 19. Ba4 Bc6 20. Bc2 Bb7 21. Ba4 Bc6 22. Bc2 Bb7 1/2-1/2

[Event "SA-2018-0-00650"]
[Site "LSS email"]
[Date "2018.09.14"]
[Round "?"]
[White "Tylecek, Drahomir"]
[Black "Lebedev, Alexander"]
[Result "1/2-1/2"]
[WhiteElo "2167"]
[BlackElo "2131"]
[PlyCount "41"]
[EventDate "2018.08.20"]
[EventType "tourn (corr)"]
[EventRounds "6"]
[EventCountry "GER"]
[SourceTitle "Corr 2022"]
[Source "ChessBase"]
[SourceDate "2021.10.24"]
[SourceVersion "1"]
[SourceVersionDate "2021.10.24"]
[SourceQuality "1"]

1. Nf3 Nf6 2. c4 c5 3. Nc3 Nc6 4. d4 cxd4 5. Nxd4 e6 6. g3 Qb6 7. Nb3 Ne5 8. e4 Bb4 9. Qe2 d6 10. Bd2 a5 11. f4 Nc6 12. Be3 Qd8 13. Nd2 e5 14. Qd3 0-0 15. a3 Bc5 16. 0-0-0 Ng4 17. Bxc5 dxc5 18. Qxd8 Rxd8 19. Re1 Nd4 20. Na4 Nf2 21. Rg1 1/2-1/2

[Event "SA-2018-0-00649"]
[Site "LSS email"]
[Date "2018.09.05"]
[Round "?"]
[White "Lebedev, Alexander"]
[Black "Kolanek, Sylwia"]
[Result "1-0"]
[WhiteElo "2131"]
[BlackElo "2083"]
[PlyCount "121"]
[EventDate "2018.08.19"]
[EventType "tourn (corr)"]
[EventRounds "6"]
[EventCountry "GER"]
[SourceTitle "Corr 2022"]
[Source "ChessBase"]
[SourceDate "2021.10.24"]
[SourceVersion "1"]
[SourceVersionDate "2021.10.24"]
[SourceQuality "1"]

1. Nf3 d5 2. d4 e6 3. c4 Nf6 4. Nc3 c6 5. Bg5 dxc4 6. e4 b5 7. e5 h6 8. Bh4 g5 9. Nxg5 hxg5 10. Bxg5 Nbd7 11. exf6 Bb7 12. g3 c5 13. d5 Nxf6 14. Bg2 Bh6 15. Bxf6 Qxf6 16. 0-0 0-0-0 17. Nxb5 a6 18. Nc3 exd5 19. Na4 Bf8 20. Re1 Bc6 21. b3 c3 22. Qd3 Bxa4 23. bxa4 c4 24. Qe3 c2 25. a3 Qf5 26. Qa7 Rh6 27. Qa8+ Kc7 28. Qa7+ Kc8 29. Ra2 Qd7 30. Qd4 Qf5 31. Rc1 Rc6 32. Rcxc2 Bc5 33. Qd1 Kc7 34. h3 Rb6 35. Kh2 Rb3 36. h4 Rd6 37. Qe1 Qf6 38. Rd2 Bd4 39. Qd1 Be5 40. Rxd5 Rd3 41. Rxd6 Rxd1 42. Rxf6 Bxf6 43. Bf3 Ra1 44. Rxa1 Bxa1 45. Bd5 c3 46. Bb3 Kd6 47. f4 Bb2 48. h5 Ke7 49. g4 Kf8 50. h6 Bxa3 51. Kg3 Bc5 52. g5 a5 53. f5 Be3 54. Kg4 Kg8 55. Kh5 Bd4 56. g6 Kf8 57. Bc2 Bf6 58. Kg4 Be7 59. Bd3 Bd8 60. Kf4 Bf6 61. Bb1 1-0

[Event "RA-2018-0-00596"]
[Site "LSS email"]
[Date "2018.09.02"]
[Round "?"]
[White "Lebedev, Alexander"]
[Black "Robertson, Gavin"]
[Result "1/2-1/2"]
[WhiteElo "2130"]
[BlackElo "2328"]
[PlyCount "35"]
[EventDate "2018.08.05"]
[EventType "tourn (corr)"]
[EventRounds "6"]
[EventCountry "GER"]
[SourceTitle "Corr 2022"]
[Source "ChessBase"]
[SourceDate "2021.10.24"]
[SourceVersion "1"]
[SourceVersionDate "2021.10.24"]
[SourceQuality "1"]

1. Nf3 Nf6 2. c4 b6 3. g3 c5 4. Bg2 Bb7 5. 0-0 g6 6. Nc3 Bg7 7. d4 cxd4 8. Qxd4 d6 9. Rd1 Nbd7 10. Be3 Nc5 11. Rac1 0-0 12. Qh4 Nce4 13. Nxe4 Bxe4 14. Bd4 Re8 15. b3 Rc8 16. Bxf6 exf6 17. Qf4 Bf8 18. Nd4 1/2-1/2

[Event "RA-2018-0-00597"]
[Site "LSS email"]
[Date "2018.09.02"]
[Round "?"]
[White "Lebedev, Alexander"]
[Black "Robertson, Gavin"]
[Result "1/2-1/2"]
[WhiteElo "2131"]
[BlackElo "2328"]
[PlyCount "51"]
[EventDate "2018.08.13"]
[EventType "tourn (corr)"]
[EventRounds "6"]
[EventCountry "GER"]
[SourceTitle "Corr 2022"]
[Source "ChessBase"]
[SourceDate "2021.10.24"]
[SourceVersion "1"]
[SourceVersionDate "2021.10.24"]
[SourceQuality "1"]

1. Nf3 Nf6 2. c4 g6 3. Nc3 Bg7 4. e4 d6 5. d4 0-0 6. Be2 e5 7. 0-0 Nc6 8. d5 Ne7 9. Ne1 Nd7 10. Be3 f5 11. f3 f4 12. Bf2 g5 13. b4 a6 14. Rc1 Rf6 15. c5 Rh6 16. Nd3 Qe8 17. Be1 Nf6 18. Nf2 Bd7 19. Qb3 Kh8 20. cxd6 cxd6 21. b5 Neg8 22. Qb2 Rg6 23. Na4 Bxb5 24. Nb6 Rb8 25. Bxb5 axb5 26. Qe2 1/2-1/2

[Event "RA-2018-0-00596"]
[Site "LSS email"]
[Date "2018.09.02"]
[Round "?"]
[White "Susla, Vitaliy"]
[Black "Lebedev, Alexander"]
[Result "1/2-1/2"]
[WhiteElo "2321"]
[BlackElo "2130"]
[PlyCount "87"]
[EventDate "2018.08.05"]
[EventType "tourn (corr)"]
[EventRounds "6"]
[EventCountry "GER"]
[SourceTitle "Corr 2022"]
[Source "ChessBase"]
[SourceDate "2021.10.24"]
[SourceVersion "1"]
[SourceVersionDate "2021.10.24"]
[SourceQuality "1"]

1. d4 d5 2. c4 c6 3. Nf3 Nf6 4. Nc3 e6 5. Bg5 h6 6. Bh4 dxc4 7. e4 g5 8. Bg3 b5 9. Be2 Bb7 10. h4 g4 11. Ne5 Nbd7 12. Nxd7 Qxd7 13. Be5 Qd8 14. a4 b4 15. Nb1 c5 16. Nd2 cxd4 17. Nxc4 Rg8 18. 0-0 Be7 19. Bxd4 Nxe4 20. Ne5 a6 21. a5 Nf6 22. Bc4 Rc8 23. Qa4+ Kf8 24. Rad1 Bd6 25. b3 Ne4 26. Rfe1 Rc7 27. g3 Nc3 28. Bxc3 bxc3 29. Qa1 c2 30. Rd2 Qe7 31. Rxc2 Bxe5 32. Qxe5 Qc5 33. Qxc5+ Rxc5 34. b4 Rc7 35. Rcc1 Ke7 36. Be2 Rxc1 37. Rxc1 Kd6 38. Kf1 h5 39. b5 axb5 40. Bxb5 Bf3 41. Ra1 Kc7 42. Rc1+ Kb7 43. Be2 Rd8 44. Bxf3+ 1/2-1/2

[Event "SB-2018-0-00527"]
[Site "LSS email"]
[Date "2018.03.15"]
[Round "?"]
[White "Lebedev, Alexander"]
[Black "Krabbenbos, Jan"]
[Result "1/2-1/2"]
[WhiteElo "2116"]
[BlackElo "1937"]
[PlyCount "57"]
[EventDate "2018.01.30"]
[EventType "tourn (corr)"]
[EventRounds "6"]
[EventCountry "GER"]
[SourceTitle "Corr 2022"]
[Source "ChessBase"]
[SourceDate "2021.10.24"]
[SourceVersion "1"]
[SourceVersionDate "2021.10.24"]
[SourceQuality "1"]

1. d4 Nf6 2. c4 e6 3. Nc3 Bb4 4. e3 0-0 5. Bd3 d5 6. Nf3 b6 7. 0-0 Bb7 8. cxd5 exd5 9. a3 Bd6 10. b4 Nbd7 11. Qb3 c6 12. e4 dxe4 13. Nxe4 Nxe4 14. Bxe4 Qc7 15. Bg5 h6 16. Bh4 a5 17. Rac1 axb4 18. axb4 Rfe8 19. Bd3 Nf8 20. Bg3 Bxg3 21. fxg3 Qd6 22. Bc4 Ne6 23. Qc3 Red8 24. Rfd1 Ra4 25. Rb1 b5 26. Bd3 Ra6 27. Be4 Nc7 28. Qc5 Ra2 29. Qb6 1/2-1/2

[Event "SB-2018-0-00526"]
[Site "LSS email"]
[Date "2018.03.13"]
[Round "?"]
[White "Langheld, Werner"]
[Black "Lebedev, Alexander"]
[Result "0-1"]
[WhiteElo "1972"]
[BlackElo "2116"]
[PlyCount "76"]
[EventDate "2018.01.22"]
[EventType "tourn (corr)"]
[EventRounds "6"]
[EventCountry "GER"]
[SourceTitle "Corr 2022"]
[Source "ChessBase"]
[SourceDate "2021.10.24"]
[SourceVersion "1"]
[SourceVersionDate "2021.10.24"]
[SourceQuality "1"]

1. d4 d5 2. e4 dxe4 3. Nc3 Nf6 4. f3 exf3 5. Nxf3 g6 6. Bc4 Bg7 7. Bf4 0-0 8. Qe2 a6 9. a3 b5 10. Ba2 Bb7 11. 0-0-0 b4 12. axb4 Nc6 13. Qc4 a5 14. b5 Nb4 15. Bxc7 Qc8 16. Kb1 Nfd5 17. b6 Qf5 18. Rd2 Nxa2 19. Kxa2 Rfc8 20. Qc5 Nxc7 21. Qxf5 gxf5 22. bxc7 Rxc7 23. Rhd1 a4 24. Nb5 Rcc8 25. d5 Bh6 26. Rf2 Rc5 27. c4 Rxc4 28. d6 Bf8 29. dxe7 Bxe7 30. Nd6 Bxd6 31. Rxd6 Rc1 32. Rfd2 Bxf3 33. gxf3 Rf1 34. R6d3 Rc8 35. Rd1 Rxd1 36. Rxd1 Rc4 37. Rd2 Rf4 38. Rf2 Kg7 0-1

[Event "SA-2018-0-00626"]
[Site "LSS email"]
[Date "2018.03.10"]
[Round "?"]
[White "Lebedev, Alexander"]
[Black "Caillet, Serge"]
[Result "1/2-1/2"]
[WhiteElo "2117"]
[BlackElo "2218"]
[PlyCount "112"]
[EventDate "2018.02.06"]
[EventType "tourn (corr)"]
[EventRounds "6"]
[EventCountry "GER"]
[SourceTitle "Corr 2022"]
[Source "ChessBase"]
[SourceDate "2021.10.24"]
[SourceVersion "1"]
[SourceVersionDate "2021.10.24"]
[SourceQuality "1"]

1. d4 Nf6 2. c4 g6 3. Nc3 Bg7 4. Nf3 0-0 5. e4 d6 6. Be2 e5 7. 0-0 Nc6 8. d5 Ne7 9. Ne1 a5 10. Nd3 Nd7 11. f3 f5 12. Bg5 h6 13. Be3 f4 14. Bf2 c5 15. a3 g5 16. b4 b6 17. Qc2 Nf6 18. bxc5 bxc5 19. Rab1 g4 20. Na4 g3 21. hxg3 Nh5 22. gxf4 exf4 23. Nb6 Rb8 24. Nxc8 Rxc8 25. Rb7 Ng6 26. e5 Ng3 27. Nxf4 Nxf4 28. Bxg3 Qg5 29. Bxf4 Rxf4 30. Rf2 dxe5 31. g3 Qxg3+ 32. Rg2 Qe1+ 33. Bf1 Qe3+ 34. Qf2 Qxf2+ 35. Kxf2 Rf7 36. Rxf7 Kxf7 37. Ke3 Rb8 38. Ke4 Rb1 39. Bd3 Rd1 40. Rb2 h5 41. Rb7+ Kf6 42. Rb6+ Kf7 43. Ke3 h4 44. Bg6+ Ke7 45. Re6+ Kd8 46. Bf5 Rd4 47. Ra6 Ke7 48. Kf2 Bf8 49. a4 Rxc4 50. d6+ Kf7 51. d7 Rd4 52. Rxa5 Be7 53. Ra8 c4 54. Rc8 c3 55. Rxc3 Rxa4 56. Rc8 Rd4 1/2-1/2

[Event "SA-2018-0-00626"]
[Site "LSS email"]
[Date "2018.03.09"]
[Round "?"]
[White "Lebedev, Alexander"]
[Black "Zhdanenia, Konstantin A"]
[Result "1-0"]
[WhiteElo "2117"]
[BlackElo "1950"]
[PlyCount "53"]
[EventDate "2018.02.06"]
[EventType "tourn (corr)"]
[EventRounds "6"]
[EventCountry "GER"]
[SourceTitle "Corr 2022"]
[Source "ChessBase"]
[SourceDate "2021.10.24"]
[SourceVersion "1"]
[SourceVersionDate "2021.10.24"]
[SourceQuality "1"]

1. e4 c5 2. Nf3 Nc6 3. d4 cxd4 4. Nxd4 Qb6 5. Nb3 Nf6 6. Nc3 e6 7. Bd3 a6 8. Be3 Qc7 9. f4 d6 10. Qf3 Be7 11. 0-0 0-0 12. g4 b5 13. g5 Nd7 14. Rad1 Bb7 15. Qh3 Nb4 16. Nd4 Nxd3 17. cxd3 d5 18. exd5 exd5 19. f5 Bc5 20. Rc1 Rfe8 21. b4 Bxd4 22. Bxd4 Qd6 23. a3 f6 24. gxf6 Nxf6 25. Rc2 Rac8 26. Rg2 Qe7 27. Nd1 1-0

[Event "SA-2018-0-00626"]
[Site "LSS email"]
[Date "2018.03.03"]
[Round "?"]
[White "Zielinski, Sergej"]
[Black "Lebedev, Alexander"]
[Result "0-1"]
[WhiteElo "2277"]
[BlackElo "2117"]
[PlyCount "82"]
[EventDate "2018.02.06"]
[EventType "tourn (corr)"]
[EventRounds "6"]
[EventCountry "GER"]
[SourceTitle "Corr 2022"]
[Source "ChessBase"]
[SourceDate "2021.10.24"]
[SourceVersion "1"]
[SourceVersionDate "2021.10.24"]
[SourceQuality "1"]

1. d4 d5 2. e4 dxe4 3. Nc3 Nf6 4. f3 exf3 5. Nxf3 g6 6. Bc4 Bg7 7. 0-0 0-0 8. Qe1 Nc6 9. Qh4 Bg4 10. Be3 e6 11. Rad1 Ne7 12. Bg5 Nf5 13. Qf2 c6 14. Bxf6 Bxf6 15. Ne4 Bg7 16. c3 Nd6 17. Nxd6 Qxd6 18. Be2 Rad8 19. Qh4 h5 20. h3 Bxf3 21. Bxf3 Qc7 22. Kh1 Rfe8 23. Be2 b5 24. a3 a5 25. a4 Rd5 26. axb5 cxb5 27. Qf4 Qd7 28. Bf3 Rd6 29. Qg3 Rd8 30. Be2 b4 31. Rf2 Rb6 32. Qg5 bxc3 33. bxc3 a4 34. Bd3 Rf8 35. Qa5 Rb7 36. Ra2 Ra7 37. Qb5 Qxb5 38. Bxb5 a3 39. g4 hxg4 40. hxg4 Rd8 41. Kg2 e5 0-1

[Event "Krasnoyarsk Regional-ch"]
[Site "Krasnoyarsk"]
[Date "2017.10.07"]
[Round "8"]
[White "Dobrovolskiy, Roman"]
[Black "Lebedev, Alexander"]
[Result "1-0"]
[WhiteElo "2188"]
[BlackElo "2159"]
[PlyCount "125"]
[EventDate "2017.09.30"]
[EventType "swiss"]
[EventRounds "9"]
[EventCountry "RUS"]
[SourceTitle "CBM 181 Extra"]
[Source "ChessBase"]
[SourceDate "2017.12.12"]
[SourceVersion "1"]
[SourceVersionDate "2017.12.12"]
[SourceQuality "1"]

1. e4 c5 2. Nc3 d6 3. g3 Nc6 4. Bg2 Nf6 5. f4 Bg4 6. Bf3 h5 7. h3 Bd7 8. d3 Nd4 9. Bg2 Bc6 10. Nf3 e6 11. Ne2 Nxf3+ 12. Bxf3 Qc7 13. 0-0 Nd7 14. d4 0-0-0 15. c4 Nb6 16. b3 d5 17. cxd5 exd5 18. e5 f6 19. Be3 c4 20. Nc3 h4 21. g4 g5 22. Qd2 Bb4 23. Rac1 Rhf8 24. Bg2 gxf4 25. Bxf4 fxe5 26. Bxe5 Bd6 27. Rxf8 Rxf8 28. Qh6 Rd8 29. Re1 Bxe5 30. Rxe5 Nd7 31. Qe6 Qb6 32. Bxd5 Qxd4+ 33. Re3 Kc7 34. bxc4 Rf8 35. Bg2 Rf6 36. Qe4 Qd2 37. Nd5+ Bxd5 38. cxd5 Qc1+ 39. Kh2 Qc5 40. Re2 Qd6+ 41. Kh1 b6 42. Qa4 a5 43. Qc6+ Qxc6 44. dxc6 Nb8 45. Re7+ Kc8 46. Rb7 Rd6 47. g5 Nxc6 48. Rxb6 Rd1+ 49. Kh2 Ne5 50. Rb5 Re1 51. Rxa5 Re2 52. Kg1 Kd7 53. Ra8 Re3 54. Kf2 Nc4 55. Ra7+ Kd6 56. Bf1 Rc3 57. Bxc4 Rxc4 58. Kf3 Ke5 59. Rf7 Ke6 60. Rf4 Rc1 61. Kg4 Ke5 62. Rf2 Rc4+ 63. Kh5 1-0

[Event "Krasnoyarsk Regional-ch"]
[Site "Krasnoyarsk"]
[Date "2017.10.06"]
[Round "7"]
[White "Bychkov, Vladimir"]
[Black "Lebedev, Alexander"]
[Result "1/2-1/2"]
[WhiteElo "2263"]
[BlackElo "2159"]
[PlyCount "108"]
[EventDate "2017.09.30"]
[EventType "swiss"]
[EventRounds "9"]
[EventCountry "RUS"]
[SourceTitle "CBM 181 Extra"]
[Source "ChessBase"]
[SourceDate "2017.12.12"]
[SourceVersion "1"]
[SourceVersionDate "2017.12.12"]
[SourceQuality "1"]

1. Nf3 d5 2. e3 Nf6 3. b3 Bg4 4. Bb2 Nbd7 5. Be2 e6 6. h3 Bxf3 7. Bxf3 Bd6 8. d3 Qe7 9. Nd2 Ba3 10. Qc1 Bxb2 11. Qxb2 c6 12. a4 a5 13. Be2 e5 14. Qa3 Qb4 15. Qc1 Qc3 16. 0-0 0-0 17. Ra2 e4 18. Rd1 Rad8 19. Qb2 Qxb2 20. Rxb2 exd3 21. Bxd3 Nc5 22. Rbb1 Rfe8 23. Nf3 g6 24. Nd4 Kf8 25. c3 Nfe4 26. Ne2 Nxd3 27. Rxd3 Ke7 28. Nd4 f5 29. g3 Rd7 30. Kg2 Red8 31. Ne2 Rd6 32. h4 R8d7 33. b4 Rd8 34. f3 Nf6 35. bxa5 Ra8 36. Rxb7+ Nd7 37. e4 dxe4 38. Re3 Rd3 39. Kf2 Rxe3 40. Kxe3 exf3 41. Nd4 Kd6 42. Kxf3 Rxa5 43. Nb3 Ra8 44. a5 c5 45. Kf4 Kc6 46. a6 Rxa6 47. Rxd7 c4 48. Rb7 cxb3 49. Rxb3 Ra1 50. Rb8 Rf1+ 51. Ke3 f4+ 52. gxf4 Rh1 53. Ke4 Rxh4 54. Rc8+ Kd6 1/2-1/2

[Event "Krasnoyarsk Regional-ch"]
[Site "Krasnoyarsk"]
[Date "2017.10.03"]
[Round "3"]
[White "Mikhalchenko, Petr"]
[Black "Lebedev, Alexander"]
[Result "1-0"]
[WhiteElo "2349"]
[BlackElo "2159"]
[PlyCount "107"]
[EventDate "2017.09.30"]
[EventType "swiss"]
[EventRounds "9"]
[EventCountry "RUS"]
[SourceTitle "CBM 181 Extra"]
[Source "ChessBase"]
[SourceDate "2017.12.12"]
[SourceVersion "1"]
[SourceVersionDate "2017.12.12"]
[SourceQuality "1"]

1. Nf3 Nf6 2. g3 c5 3. Bg2 Nc6 4. 0-0 d5 5. c4 d4 6. e3 e5 7. exd4 exd4 8. d3 Be7 9. Bg5 0-0 10. Bxf6 Bxf6 11. Nfd2 Qb6 12. b3 a5 13. Na3 Nb4 14. Ne4 Be7 15. Nb5 Bd7 16. a3 Na6 17. Re1 Rae8 18. Qf3 Nc7 19. Nxc7 Qxc7 20. Qh5 Qb6 21. Nd2 g6 22. Qh6 Bf6 23. Be4 Qd8 24. h4 Bg7 25. Qf4 Be5 26. Qf3 Bg7 27. Bxb7 Qb6 28. Rxe8 Rxe8 29. Bd5 Qf6 30. Qxf6 Bxf6 31. b4 axb4 32. axb4 cxb4 33. Ra7 Be6 34. Ne4 Kg7 35. Rb7 Re7 36. Rxb4 Bf5 37. f4 Ra7 38. Nd6 Be7 39. Nxf5+ gxf5 40. Rb1 Ra3 41. Rd1 Bb4 42. Bg2 Ra2 43. Rb1 Bd2 44. c5 Be3+ 45. Kh2 Rc2 46. c6 Kf6 47. Kh3 Ke6 48. h5 h6 49. Rb8 Rc3 50. Rh8 Ke7 51. Kh2 Bc1 52. Rxh6 Ba3 53. Rh8 Bd6 54. h6 1-0

[Event "CP-2017-P-00025"]
[Site "LSS email"]
[Date "2017.09.27"]
[Round "?"]
[White "Lebedev, Alexander"]
[Black "Louro, Eugenio Diogo"]
[Result "1-0"]
[WhiteElo "2082"]
[BlackElo "1571"]
[PlyCount "71"]
[EventDate "2017.10.01"]
[EventType "tourn (corr)"]
[EventRounds "6"]
[EventCountry "GER"]
[SourceTitle "Corr 2022"]
[Source "ChessBase"]
[SourceDate "2021.10.24"]
[SourceVersion "1"]
[SourceVersionDate "2021.10.24"]
[SourceQuality "1"]

1. e4 c6 2. d4 d5 3. e5 c5 4. Nf3 Bg4 5. dxc5 e6 6. Bb5+ Nc6 7. b4 Qc7 8. Nbd2 a5 9. c3 Nge7 10. 0-0 g6 11. Ba4 axb4 12. cxb4 b6 13. cxb6 Qxb6 14. a3 Bg7 15. h3 Bxe5 16. Rb1 Bxf3 17. Nxf3 Bg7 18. Be3 Qa6 19. Bxc6+ Qxc6 20. b5 Qb7 21. Bd4 0-0 22. a4 Rfc8 23. Bxg7 Kxg7 24. Qd4+ f6 25. Rfc1 e5 26. Qb4 d4 27. Rxc8 Rxc8 28. a5 Nd5 29. Qd6 Nc3 30. a6 Qa7 31. Rb3 Ne4 32. Qa3 Nc5 33. Rb1 Qb6 34. Nd2 d3 35. Rc1 Qa7 36. Rc4 1-0

[Event "CP-2017-P-00025"]
[Site "LSS email"]
[Date "2017.09.27"]
[Round "?"]
[White "Navarro Segura, Roberto"]
[Black "Lebedev, Alexander"]
[Result "0-1"]
[WhiteElo "1391"]
[BlackElo "2082"]
[PlyCount "52"]
[EventDate "2017.10.01"]
[EventType "tourn (corr)"]
[EventRounds "6"]
[EventCountry "GER"]
[SourceTitle "Corr 2022"]
[Source "ChessBase"]
[SourceDate "2021.10.24"]
[SourceVersion "1"]
[SourceVersionDate "2021.10.24"]
[SourceQuality "1"]

1. e4 c5 2. Nf3 d6 3. d4 cxd4 4. Nxd4 Nf6 5. Nc3 a6 6. a4 e5 7. Nb3 Be7 8. Be2 Be6 9. 0-0 Nbd7 10. Be3 Rc8 11. f4 exf4 12. Rxf4 0-0 13. Nd4 Re8 14. Nxe6 fxe6 15. Bg4 Nxg4 16. Rxg4 Bf6 17. Bd4 h5 18. Rg6 Bxd4+ 19. Qxd4 Ne5 20. Rg3 Rf8 21. Qe3 h4 22. Rh3 Ng4 23. Qd4 Rc4 24. Qa7 Qg5 25. Rd1 Rc5 26. Rf1 Nf2 0-1